All NFL-AFC Champions (1966-Present) - Statistics

General Stats
  • This quiz has been taken 27 times
  • The average score is 40 of 59
Answer Stats
Year Team % Correct
2024 Chiefs
100%
2023 Chiefs
96%
2022 Chiefs
92%
2020 Chiefs
88%
2019 Chiefs
88%
2021 Bengals
84%
2018 Patriots
84%
2017 Patriots
84%
2016 Patriots
84%
2014 Patriots
84%
2011 Patriots
84%
2007 Patriots
84%
2004 Patriots
84%
2003 Patriots
84%
2001 Patriots
84%
2015 Broncos
76%
2013 Broncos
76%
2009 Colts
76%
2012 Ravens
76%
2010 Steelers
76%
2008 Steelers
76%
2006 Colts
72%
2005 Steelers
72%
1968 Jets
68%
1996 Patriots
64%
2000 Ravens
64%
1993 Bills
60%
1992 Bills
60%
1991 Bills
60%
1990 Bills
60%
1998 Broncos
60%
1997 Broncos
60%
1989 Broncos
60%
1987 Broncos
60%
1986 Broncos
60%
2002 Raiders
60%
1979 Steelers
60%
1978 Steelers
60%
1975 Steelers
60%
1974 Steelers
60%
1999 Titans
60%
1977 Broncos
56%
1969 Chiefs
56%
1966 Chiefs
56%
1973 Dolphins
56%
1972 Dolphins
56%
1985 Patriots
56%
1995 Steelers
56%
1988 Bengals
52%
1981 Bengals
52%
1994 Chargers
52%
1970 Colts
52%
1984 Dolphins
52%
1982 Dolphins
52%
1983 Raiders
52%
1980 Raiders
52%
1976 Raiders
52%
1967 Raiders
48%
1971 Dolphins
44%
No matching quizzes found
Score Distribution
Percent of People with Each Score
Percentile by Number Answered
Your Score History
You have not taken this quiz